000 00569cam a2200181 4500500
005 20260405002613.0
041 _afre
042 _adc
100 1 0 _aGuillot, Apolline
_eauthor
245 0 0 _aÉtudes sur (ce qui s’appelait autrefois) la ville
260 _c2017.
500 _a66
690 _aArchitecture
690 _aRem Koolhaas
690 _aVille
786 0 _nPhilosophie magazine | 115 | 12-1 | 2017-12-01 | p. 59-59 | 1951-1787
856 4 1 _uhttps://shs.cairn.info/magazine-philosophie-magazine-2017-12-1-page-59?lang=fr&redirect-ssocas=7080
999 _c2059224
_d2059224